কথাসরিৎসাগর / (Record no. 47884)
[ view plain ]
| 000 -LEADER | |
|---|---|
| fixed length control field | 01001nam a22002537a 4500 |
| 001 - CONTROL NUMBER | |
| control field | 47884 |
| 003 - CONTROL NUMBER IDENTIFIER | |
| rucl marc code | BD-RjUL |
| 005 - DATE AND TIME OF LATEST TRANSACTION | |
| control field | 20211209054421.0 |
| 008 - FIXED-LENGTH DATA ELEMENTS--GENERAL INFORMATION | |
| fixed length control field | 160810s1977 ii ||||| |||| 00| 0 ben d |
| 020 ## - INTERNATIONAL STANDARD BOOK NUMBER | |
| Terms of availability | : IRs 20.00 |
| 035 ## - SYSTEM CONTROL NUMBER | |
| System control number | (BD-RjUL)48003 |
| 040 ## - CATALOGING SOURCE | |
| Original cataloging agency | BD-RjUL |
| Language of cataloging | ben |
| Transcribing agency | BD-RjUL |
| 041 ## - LANGUAGE CODE | |
| Language code of text/sound track or separate title | ben |
| 082 ## - DEWEY DECIMAL CLASSIFICATION NUMBER | |
| Edition number | 23 |
| Classification number | 891.208 |
| Author mark and year | BHK 1977 |
| 100 ## - MAIN ENTRY--PERSONAL NAME | |
| Personal name | ভট্র, সোমদেব |
| 9 (RLIN) | 145337 |
| 245 10 - TITLE STATEMENT | |
| Title | কথাসরিৎসাগর / |
| Statement of responsibility, etc. | সোমদেব ভট্র |
| 260 ## - PUBLICATION, DISTRIBUTION, ETC. (IMPRINT) | |
| Place of publication, distribution, etc. | কলকাতা : |
| Name of publisher, distributor, etc. | ভারবি, |
| Date of publication, distribution, etc. | ১৯৭৭ |
| 300 ## - PHYSICAL DESCRIPTION | |
| Pagination | ২৬৬ পৃ. : |
| Illustrations | চিত্র ; |
| Size | ২১ সেমি |
| 650 ## - SUBJECT ADDED ENTRY--TOPICAL TERM | |
| Topical term or geographic name as entry element | সংস্কৃত সাহিত্য |
| General subdivision | সংগ্রহ |
| 9 (RLIN) | 145338 |
| Topical term or geographic name as entry element | Sanskrite Literature |
| General subdivision | Collection |
| 9 (RLIN) | 145339 |
| 700 ## - ADDED ENTRY--PERSONAL NAME | |
| Personal name | সর্বাধিকারী, দীপা, সম্পাদক |
| Personal name | ভট্রাচার্য, সুকুমারী, ভূমিকা |
| 942 ## - ADDED ENTRY ELEMENTS (KOHA) | |
| Source of classification or shelving scheme | Dewey Decimal Classification |
| Koha item type | Books |
| Lost status | Source of classification or shelving scheme | Damaged status | Not for loan | Collection code | Permanent Location | Current Location | Shelving location | Date acquired | Source of acquisition | Cost, normal purchase price | Total Checkouts | Full call number | Date last seen | Date checked out | Copy number | Koha item type |
|---|---|---|---|---|---|---|---|---|---|---|---|---|---|---|---|---|
| Dewey Decimal Classification | Non-fiction | Central Library, University of Rajshahi | Central Library, University of Rajshahi | 22/09/1981 | India Interkoli | 20.00 | 1 | B 891.208 BHK 1977 | 18/03/2020 | 13/01/2020 | C-2 | Books |